Normal view MARC view
  • CBRE Investors

Entry Corporate Name

Number of records used in: 1

001 - CONTROL NUMBER

  • control field: 5929

003 - CONTROL NUMBER IDENTIFIER

  • control field: SIRSI

005 - DATE AND TIME OF LATEST TRANSACTION

  • control field: 20190806150247.0

008 - FIXED-LENGTH DATA ELEMENTS

  • fixed length control field: 110318n| aaannaabn |n ana d

040 ## - CATALOGING SOURCE

  • Original cataloging agency: OSt
  • Transcribing agency: OSt

110 2# - HEADING--CORPORATE NAME

  • Corporate name or jurisdiction name as entry element: CBRE Investors

670 ## - SOURCE DATA FOUND

  • Source citation: U.S. Propertywatch, 2010